| 000 | 01927cam a22004694i 4500 | ||
|---|---|---|---|
| 003 | PE-LiUPU | ||
| 005 | 20250731172945.0 | ||
| 008 | 150623s r 000 0 d | ||
| 020 | _a1565631641 | ||
| 035 | _a(Sirsi) i9781565631649 | ||
| 040 |
_aPE-LiUPU _bspa _cPE-LiUPU _erda |
||
| 049 | _aPRUA | ||
| 082 | 0 | 4 |
_a232.9 _bG59 _221 |
| 100 | 1 |
_aGnilka, Joachim, _eautor. |
|
| 245 | 1 | 0 |
_aJesus of Nazareth : _bmessage and history / _cJoachim Gnilka; [traducción de Inglés por Siegfried S. Schatzmann]. |
| 264 | 1 |
_aMassachusetts : _bHendrickson Publishers, _c1997. |
|
| 300 |
_a346 páginas ; _c23.5 centímetros |
||
| 336 |
_atext _2rdacontent |
||
| 337 |
_aunmediated _2rdamedia |
||
| 338 |
_avolume _2rdacarrier |
||
| 504 | _aIncluye bibliografía. | ||
| 505 | 0 | _aThe question of Jesus. -Israel's political situation in the time of Jesus. -Israel's intellectual-religious and social setting in the time of Jesus. -Jesus in the period before his public ministry. -The message of the reign of God. -Disciples, Discipleship. -Lifestyle. -Israel, people, and church of God. -The instruction. -Jesus' authority in mission. -Conflict and the final days. -Trial and execution. -Easter epilogue. | |
| 526 | _aSEG42 | ||
| 526 | _aSEG41 | ||
| 526 | _aSEG40 | ||
| 526 | _aSEG39 | ||
| 526 | _aP94 | ||
| 526 | _aP87 | ||
| 526 | _aP86 | ||
| 526 | _aP85 | ||
| 526 | _aP77 | ||
| 526 | _aP76 | ||
| 526 | _aP35 | ||
| 600 | 1 |
_aJesucristo _vVida pública |
|
| 600 | 1 |
_aJesucristo _xEnseñanzas _9933 |
|
| 942 |
_2ddc _cBOOK |
||
| 949 |
_a232.9 G59 _wDEWEY _c1 _i44718 _lCCODEBUL1 _mBUL _r0 _sY _tBOOK _u2015-6-24 _xTEOLOGIA _PP35 _0COMPRA _o.STAFF. Colección General |
||
| 994 |
_aC0 _bPEPRU |
||
| 596 | _a1 | ||
| 999 |
_a232.9 G59 _wDEWEY _c21583 _i44718 _f2021-11-10 _g5 _lCCODEBUL1 _mBUL _r0 _sY _tBOOK _u2015-6-24 _xTEOLOGIA _PP35 _0COMPRA _o.STAFF. Colección General _d21583 |
||
| 980 |
_81 _gALBERTO SANCHEZ Responsable de Automatización |
||